| 000 | 00915cam a2200265 a 4500 | ||
|---|---|---|---|
| 001 | 11988673 | ||
| 005 | 20161001141425.0 | ||
| 008 | 000428s2001 mauab b 001 0 eng | ||
| 010 | _a 00033607 | ||
| 020 | _a0072312688 (alk. paper) | ||
| 040 |
_aDLC _cDLC _dDLC |
||
| 050 | 0 | 0 |
_aHF5549 _b.I88 2001 |
| 082 | 0 | 0 |
_aDC 658.3 _22001 _bIv1h |
| 100 | 1 | _aIvancevich, John M. | |
| 245 | 1 | 0 |
_aHuman resource management/ _cJohn M. Ivancevich. |
| 250 | _a8th edition | ||
| 260 |
_aBoston: _bMcGraw-Hill/Irwin, _cc2001. |
||
| 300 |
_axxi, 622 pages: _billustrations, _c26 cm. |
||
| 504 | _aIncludes bibliographical references and indexes. | ||
| 650 | 0 | _aPersonnel management. | |
| 650 | 0 |
_aPersonnel management _vCase studies. |
|
| 906 |
_a7 _bcbc _corignew _d1 _eocip _f20 _gy-gencatlg |
||
| 942 |
_2ddc _cDC |
||
| 999 |
_c4993 _d4993 |
||